| 000 | 00618nam a2200205 i 4500 | ||
|---|---|---|---|
| 001 | 110646 | ||
| 003 | ES-MaACL | ||
| 005 | 20231221150405.0 | ||
| 007 | t| | ||
| 008 | 030505s1919 sp ||||1| spa d | ||
| 080 | _a821.134.2-32"18" | ||
| 100 | 1 |
_aCánovas del Castillo, Antonio, _d1828-1897 _934600 |
|
| 245 | 1 | 3 |
_aLa campana de Huesca : _bnovela / _cpor A. Cánovas del Castillo. |
| 260 |
_a[Madrid : _bLa Novela Corta, _c1919] |
||
| 300 |
_a[32] p. ; _c20 cm. |
||
| 490 | 1 |
_aLa novela corta ; _v194 |
|
| 830 | 1 |
_aLa novela corta ; _v194 _9182142 |
|
| 852 |
_aES-MaACL _j2213-F-60 |
||
| 999 |
_c110646 _d110646 |
||